header

Hope or despair? (Record no. 1484)

MARC details
000 -LEADER
fixed length control field 01370nam a2200337 a 4500
082 04 - DEWEY DECIMAL CLASSIFICATION NUMBER
Classification number 372.95491
100 1# - MAIN ENTRY--AUTHOR NAME
Personal name Warwick, Donald P.
245 10 - TITLE STATEMENT
Title Hope or despair?
260 ## - PUBLICATION, DISTRIBUTION, ETC. (IMPRINT)
Place of publication Westport, Conn. :
Name of publisher Praeger,
Year of publication 1995.
300 ## - PHYSICAL DESCRIPTION
Number of Pages xii, 174 p.
650 #0 - SUBJECT ADDED ENTRY--TOPICAL TERM
Topical Term Education, Elementary
Topical Term Elementary schools
Topical Term School management and organization
700 1# - ADDED ENTRY--PERSONAL NAME
Personal name Reimers, Fernando.
856 40 - ELECTRONIC LOCATION AND ACCESS
Uniform Resource Identifier http://site.ebrary.com/lib/rucke/Doc?id=5004994

No items available.

© 2026 Rongo University
Contact us: librarian | system librarian | Rongo university